| 000 | 00440nam a2200145Ia 4500 | ||
|---|---|---|---|
| 008 | 231129s1992||||xx |||||||||||||| ||spa|| | ||
| 020 | _a84-7583-322-5 | ||
| 040 | _bspa | ||
| 082 | _aR 747 S943l | ||
| 100 | _aSudjic Deyan | ||
| 245 | 0 | _aEl libro de la iluminación: Una guía completa para iluminar su hogar | |
| 260 | _c1992 | ||
| 264 | _aBarcelona España: Ediciones Folio | ||
| 942 |
_2ddc _cBKS |
||
| 999 |
_c11496 _d11496 |
||